000 00824nam a2200253 i 4500
003 DO-SdBNP
005 20240305141307.0
007 ta
008 110413s1958 dr 000 0 spa d
040 _aDO-SdBNP
_bspa
_cBNPHU
_erda
082 4 _aRD861.4
_bS211m
_222
100 1 _aSánchez Lamouth, Juan,
_d1929-1968
_920547
245 1 0 _aMemorial de los bosques :
_by otros poemas /
_cJuan Sánchez Lamouth
264 _aCiudad Trujillo, República Dominicana :
_bCadelaria,
_c1958.
300 _a33 páginas
_c23 cm.
336 _2rdacontent
_atexto
_btxt
337 _2rdamedia
_asin mediación
_bn
338 _2rdacarrier
_avolumen
_bnc
590 _aInventariado, 2023/ YL
650 4 _aPoesía dominicana
650 4 _aLiteratura dominicana
910 _aYLockward/Validado. Control de calidad MFF
942 _2ddc
_cLF2
999 _c54732
_d54732